[Event "AUT-chT2O 1819"]
[Site "Austria"]
[Date "2019.03.09"]
[Round "8.1"]
[White "Lenz, Alarich"]
[Black "Vitouch, Anatol"]
[Result "0-1"]
[WhiteElo "2126"]
[BlackElo "2319"]
[PlyCount "78"]
[EventDate "2018.10.06"]
[EventType "team-tourn"]
[EventRounds "11"]
[EventCountry "AUT"]
[SourceTitle "CBM 189 Extra"]
[Source "ChessBase"]
[SourceDate "2019.06.03"]
[SourceVersion "1"]
[SourceVersionDate "2019.06.03"]
[SourceQuality "1"]
[WhiteTeam "Tschaturanga"]
[BlackTeam "Pamhagen"]
[WhiteTeamCountry "AUT"]
[BlackTeamCountry "AUT"]

1. c4 e6 2. Nf3 d5 3. d4 Nf6 4. g3 dxc4 5. Bg2 a6 6. 0-0 Nc6 7. Nc3 Rb8 8. e4 Be7 9. e5 Nd5 10. Qe2 b5 11. Rd1 Ncb4 12. Ne4 h6 13. Ne1 Bb7 14. Qg4 g6 15. h4 h5 16. Qe2 Nb6 17. Bg5 Bxg5 18. Nxg5 Bxg2 19. Nxg2 N4d5 20. Qe4 Qe7 21. Nf4 Nxf4 22. Qxf4 Nd5 23. Qe4 Kf8 24. Rac1 Kg7 25. Qf3 Nb4 26. a3 Nd3 27. Rc2 Rhd8 28. Qe4 Nc5 29. Qe3 Nb3 30. Ne4 c5 31. Nf6 Nxd4 32. Rxd4 Rxd4 33. Qg5 Qb7 34. Nxh5+ Kf8 35. Qh6+ Ke7 36. Qg5+ Kd7 37. Nf6+ Kc7 38. Rc1 Rbd8 39. Kf1 Qf3 0-1

[Event "AUT-chT 1314"]
[Site "Austria"]
[Date "2014.03.21"]
[Round "9.6"]
[White "Lenz, Alarich"]
[Black "Rieger, Robert"]
[Result "1/2-1/2"]
[WhiteElo "2205"]
[BlackElo "2180"]
[PlyCount "52"]
[EventDate "2013.12.06"]
[EventType "team-tourn"]
[EventRounds "11"]
[EventCountry "AUT"]
[SourceTitle "EXT 2015"]
[Source "ChessBase"]
[SourceDate "2014.11.20"]
[SourceVersion "1"]
[SourceVersionDate "2014.11.20"]
[SourceQuality "1"]
[WhiteTeam "Tschaturanga"]
[BlackTeam "Maria Saal"]
[WhiteTeamCountry "AUT"]
[BlackTeamCountry "AUT"]

1. c4 Nf6 2. Nc3 e6 3. d4 Bb4 4. e3 0-0 5. Nge2 d5 6. a3 Be7 7. cxd5 exd5 8. Nf4 c6 9. Bd3 a5 10. 0-0 Re8 11. Qc2 Nbd7 12. Bd2 Nf8 13. Na4 Ne6 14. Nxe6 Bxe6 15. b4 axb4 16. axb4 Ne4 17. Nc5 Bxc5 18. Rxa8 Qxa8 19. bxc5 Nxd2 20. Qxd2 Qa7 21. Rb1 Ra8 22. h3 g6 23. Qb2 Bc8 24. Qc2 Be6 25. Qb2 Bc8 26. Qc2 Be6 1/2-1/2

[Event "AUT-ch"]
[Site "Zwettl"]
[Date "2012.07.28"]
[Round "8"]
[White "Lenz, Alarich"]
[Black "Toefferl, Heimo"]
[Result "1/2-1/2"]
[WhiteElo "2197"]
[BlackElo "2155"]
[PlyCount "67"]
[EventDate "2012.07.21"]
[EventType "swiss"]
[EventRounds "9"]
[EventCountry "AUT"]
[SourceTitle "CBM 149 Extra"]
[Source "ChessBase"]
[SourceDate "2012.08.24"]
[SourceVersion "1"]
[SourceVersionDate "2012.08.24"]
[SourceQuality "1"]

1. c4 e6 2. Nc3 d5 3. cxd5 exd5 4. d4 f5 5. Nf3 c6 6. g3 Bd6 7. Bg2 Nd7 8. 0-0 Ne7 9. Rb1 a5 10. Ne1 0-0 11. Nd3 Ng6 12. e3 Nf6 13. Qc2 Kh8 14. Na4 Qe7 15. Nb6 Ra7 16. a3 Bd7 17. b4 axb4 18. axb4 Qd8 19. Nxd7 Nxd7 20. b5 Ne7 21. Bd2 Qa8 22. bxc6 bxc6 23. Rb2 Rb8 24. Rfb1 Rab7 25. Rxb7 Rxb7 26. Rxb7 Qxb7 27. Bf1 g6 28. Be2 Kg7 29. Bd1 Kf7 30. Qb3 Qxb3 31. Bxb3 Ke6 32. Kf1 g5 33. f3 Nf6 34. Kf2 1/2-1/2

[Event "FICGS rapid M 000010 email"]
[Site "FICGS email"]
[Date "2008.07.04"]
[Round "1"]
[White "Lenz, Alarich"]
[Black "Ould Ahmed, Samy"]
[Result "1-0"]
[WhiteElo "2117"]
[BlackElo "2105"]
[PlyCount "33"]
[EventDate "2008.??.??"]
[EventType "tourn (rapid)"]
[EventRounds "6"]
[SourceTitle "Corr 2022"]
[Source "ChessBase"]
[SourceDate "2021.10.24"]
[SourceVersion "1"]
[SourceVersionDate "2021.10.24"]
[SourceQuality "1"]

1. d4 Nf6 2. c4 g6 3. Nc3 Bg7 4. e4 d6 5. Be2 0-0 6. Bg5 Na6 7. Qd2 e5 8. d5 Qe8 9. Bd3 Nc5 10. Bc2 a5 11. Nge2 Bd7 12. f3 h5 13. Be3 b6 14. 0-0-0 Rb8 15. h3 b5 16. cxb5 Bxb5 17. Bxc5 1-0

[Event "FICGS rapid M 000010 email"]
[Site "FICGS email"]
[Date "2008.07.04"]
[Round "1"]
[White "Unger, Peter"]
[Black "Lenz, Alarich"]
[Result "1/2-1/2"]
[WhiteElo "2187"]
[BlackElo "2117"]
[PlyCount "69"]
[EventDate "2008.??.??"]
[EventType "tourn (rapid)"]
[EventRounds "6"]
[SourceTitle "Corr 2022"]
[Source "ChessBase"]
[SourceDate "2021.10.24"]
[SourceVersion "1"]
[SourceVersionDate "2021.10.24"]
[SourceQuality "1"]

1. d4 Nf6 2. Nf3 g6 3. c4 Bg7 4. Nc3 d6 5. e4 0-0 6. Be2 e5 7. 0-0 Na6 8. Be3 Ng4 9. Bg5 Qe8 10. d5 f5 11. Ne1 h6 12. Bd2 Nf6 13. f3 g5 14. Na4 fxe4 15. fxe4 Nxe4 16. Rxf8+ Qxf8 17. Be3 Bd7 18. Nd3 Qf5 19. Nc3 Nxc3 20. bxc3 Qe4 21. Qd2 Qg6 22. Nf2 b6 23. Bd3 Bf5 24. Bxf5 Qxf5 25. a4 Nc5 26. Bxc5 bxc5 27. Qe2 Rf8 28. h3 h5 29. Rf1 Qg6 30. a5 Bh6 31. g3 Kg7 32. a6 h4 33. Ne4 Rxf1+ 34. Kxf1 Qf5+ 35. Kg2 1/2-1/2

[Event "Zalakaros op 27th"]
[Site "Zalakaros"]
[Date "2008.05.30"]
[Round "9"]
[White "Lenz, Alarich"]
[Black "Feher, Adam"]
[Result "1/2-1/2"]
[WhiteElo "2215"]
[BlackElo "2153"]
[PlyCount "39"]
[EventDate "2008.05.22"]
[EventType "swiss"]
[EventRounds "9"]
[EventCountry "HUN"]
[SourceTitle "CBM 124 Extra"]
[Source "ChessBase"]
[SourceDate "2008.07.03"]
[SourceVersion "1"]
[SourceVersionDate "2008.07.03"]
[SourceQuality "1"]

1. c4 e5 2. Nc3 Bb4 3. Nd5 Bc5 4. e3 Nf6 5. Nf3 Nxd5 6. cxd5 e4 7. d4 Bb4+ 8. Bd2 Qe7 9. Bxb4 Qxb4+ 10. Nd2 0-0 11. a3 Qxb2 12. Nxe4 f5 13. Nd2 f4 14. Bd3 fxe3 15. fxe3 Qc3 16. Ke2 d6 17. Qc2 Bg4+ 18. Nf3 Qxc2+ 19. Bxc2 Nd7 20. Rab1 1/2-1/2

[Event "Zalakaros op 27th"]
[Site "Zalakaros"]
[Date "2008.05.28"]
[Round "7"]
[White "Lenz, Alarich"]
[Black "Tesik, Csaba"]
[Result "0-1"]
[WhiteElo "2215"]
[BlackElo "2032"]
[PlyCount "30"]
[EventDate "2008.05.22"]
[EventType "swiss"]
[EventRounds "9"]
[EventCountry "HUN"]
[SourceTitle "CBM 124 Extra"]
[Source "ChessBase"]
[SourceDate "2008.07.03"]
[SourceVersion "1"]
[SourceVersionDate "2008.07.03"]
[SourceQuality "1"]

1. d4 Nf6 2. c4 g6 3. Nc3 Bg7 4. e4 d6 5. Be2 0-0 6. Bg5 h6 7. Be3 c5 8. dxc5 Qa5 9. Bd2 Qxc5 10. Nf3 Nc6 11. 0-0 Nd4 12. Nxd4 Qxd4 13. Be3 Qe5 14. Bd4 Qa5 15. Qd2 Nxe4 0-1

[Event "Budapest FS12 IM"]
[Site "Budapest"]
[Date "2007.12.01"]
[Round "1"]
[White "Lenz, Alarich"]
[Black "Werner, Dimo"]
[Result "1/2-1/2"]
[WhiteElo "2227"]
[BlackElo "2346"]
[PlyCount "62"]
[EventDate "2007.12.01"]
[EventType "tourn"]
[EventRounds "11"]
[EventCountry "HUN"]
[EventCategory "1"]
[SourceTitle "CBM 121 Extra"]
[Source "ChessBase"]
[SourceDate "2008.01.10"]
[SourceVersion "1"]
[SourceVersionDate "2008.01.10"]
[SourceQuality "1"]

1. d4 Nf6 2. c4 e6 3. Nc3 Bb4 4. e3 0-0 5. Bd3 d5 6. cxd5 exd5 7. Nge2 c5 8. 0-0 Nc6 9. a3 Bxc3 10. bxc3 Re8 11. f3 b6 12. Qe1 a5 13. Qh4 Ba6 14. Bxa6 Rxa6 15. Ng3 Ne7 16. Bd2 Qd7 17. Nh5 Nxh5 18. Qxh5 Qf5 19. Qxf5 Nxf5 20. Rab1 Nd6 21. a4 f5 22. Kf2 Kf7 23. dxc5 bxc5 24. Bc1 Nc4 25. Rb5 Rc8 26. Rb7+ Kf6 27. Rd1 Rd6 28. Rb5 Rc7 29. e4 dxe4 30. Rxd6+ Nxd6 31. Rxa5 Ke5 1/2-1/2

[Event "FICGS class A 000022 email"]
[Site "FICGS email"]
[Date "2007.05.24"]
[Round "1"]
[White "Riha, Josef"]
[Black "Lenz, Alarich"]
[Result "1/2-1/2"]
[WhiteElo "2019"]
[BlackElo "2132"]
[PlyCount "89"]
[EventDate "2007.??.??"]
[EventType "tourn (corr)"]
[EventRounds "6"]
[SourceTitle "Corr 2022"]
[Source "ChessBase"]
[SourceDate "2021.10.24"]
[SourceVersion "1"]
[SourceVersionDate "2021.10.24"]
[SourceQuality "1"]

1. c4 c5 2. Nf3 Nc6 3. Nc3 e5 4. g3 g6 5. Bg2 Bg7 6. 0-0 Nge7 7. d3 0-0 8. a3 d6 9. Rb1 a5 10. Bg5 f6 11. Bd2 Be6 12. Ne1 d5 13. cxd5 Nxd5 14. Qb3 a4 15. Qc4 Nf4 16. Qxc5 Nxg2 17. Nxg2 Ra5 18. Qe3 f5 19. Kh1 Nd4 20. f4 Nb3 21. Rbd1 Bd7 22. Na2 Nxd2 23. Rxd2 Re8 24. Qf2 exf4 25. Qxf4 Bf6 26. Qf2 Rb5 27. Nc3 Bxc3 28. bxc3 Rb3 29. Rc2 Rxa3 30. Qc5 Qe7 31. Qxe7 Rxe7 32. Kg1 Rb3 33. c4 b5 34. cxb5 Bxb5 35. Kf2 Kf7 36. Ra1 Ra7 37. Ne3 Ke6 38. Ke1 Bd7 39. Kd2 Rab7 40. Nc4 Rb8 41. Raa2 h5 42. Na5 Rb1 43. Nc4 Rh1 44. Rcb2 Rb5 45. Rc2 1/2-1/2

[Event "AUT-chT 0607"]
[Site "Austria"]
[Date "2007.03.10"]
[Round "10.5"]
[White "Lenz, Alarich"]
[Black "Novkovic, Milan"]
[Result "0-1"]
[WhiteElo "2213"]
[BlackElo "2415"]
[PlyCount "74"]
[EventDate "2006.11.03"]
[EventType "team"]
[EventRounds "11"]
[EventCountry "AUT"]
[SourceTitle "EXT 2008"]
[Source "ChessBase"]
[SourceDate "2007.11.25"]
[SourceVersion "1"]
[SourceVersionDate "2007.11.25"]
[SourceQuality "1"]
[WhiteTeam "Tschaturanga"]
[BlackTeam "Hohenems"]
[WhiteTeamCountry "AUT"]
[BlackTeamCountry "AUT"]

1. c4 e6 2. d4 Nf6 3. Nc3 c5 4. d5 exd5 5. cxd5 d6 6. Nf3 g6 7. Bf4 a6 8. a4 Bg7 9. e4 0-0 10. Be2 Bg4 11. 0-0 Re8 12. h3 Nxe4 13. hxg4 Bxc3 14. Qc2 Bh8 15. Bh2 Nf6 16. g5 Nxd5 17. Bc4 Nb4 18. Qb3 Qc7 19. Rad1 Rd8 20. Nd2 N8c6 21. Ne4 Na5 22. Qh3 Nxc4 23. Nf6+ Bxf6 24. gxf6 Kh8 25. Qh6 Rg8 26. Rfe1 Qd8 27. Re7 Qf8 28. Qh4 b5 29. Bf4 g5 30. Qh5 Rg6 31. Bxg5 Nc6 32. Rde1 Qg8 33. f4 Nxe7 34. fxe7 Re8 35. Qh4 Rxg5 36. fxg5 Qg7 37. Qh3 Ne5 0-1

[Event "AUT-chT 0607"]
[Site "Austria"]
[Date "2007.03.08"]
[Round "8.4"]
[White "Lendwai, Reinhard"]
[Black "Lenz, Alarich"]
[Result "1-0"]
[WhiteElo "2428"]
[BlackElo "2213"]
[PlyCount "103"]
[EventDate "2006.11.03"]
[EventType "team"]
[EventRounds "11"]
[EventCountry "AUT"]
[SourceTitle "EXT 2008"]
[Source "ChessBase"]
[SourceDate "2007.11.25"]
[SourceVersion "1"]
[SourceVersionDate "2007.11.25"]
[SourceQuality "1"]
[WhiteTeam "Baden"]
[BlackTeam "Tschaturanga"]
[WhiteTeamCountry "AUT"]
[BlackTeamCountry "AUT"]

1. e4 e6 2. d4 d5 3. Nc3 Bb4 4. exd5 exd5 5. Bd3 Nf6 6. Bg5 0-0 7. Nge2 Nbd7 8. 0-0 c6 9. Ng3 Re8 10. Nf5 Nf8 11. Qf3 Bxf5 12. Qxf5 N8d7 13. Nd1 h6 14. Bf4 Qe7 15. Qh3 Bd6 16. Bc1 Nf8 17. Ne3 Qc7 18. g3 Ne4 19. Nf5 Re6 20. f3 Ng5 21. Qg2 Rae8 22. Bd2 Nd7 23. Nxd6 Qxd6 24. h4 Nh7 25. Rae1 Nb6 26. b3 Qa3 27. Qf2 Rxe1 28. Rxe1 Qf8 29. a4 Nf6 30. Kg2 Nbd7 31. g4 Rxe1 32. Qxe1 Qd6 33. Qg3 Qxg3+ 34. Kxg3 b6 35. b4 Kf8 36. Ba6 Ke7 37. Bf4 Ne8 38. Bb7 c5 39. dxc5 bxc5 40. b5 Nd6 41. Bxd5 Nb6 42. Bxd6+ Kxd6 43. Bxf7 Nxa4 44. Kf4 Nc3 45. Bc4 Nd5+ 46. Ke4 Nb6 47. Bg8 Nd7 48. Kf5 Ke7 49. Ba2 Nb6 50. Ke5 Kd7 51. f4 Ke7 52. Be6 1-0